00511nam a2200193 a 4500001001300000003000900013005001700022008004100039020001000080082001600090100002900106245004600135260003600181300000800217500003500225505000800260650002000268700002900288nice12345678IN_TiNIC20260116011810.0050524s1874 kana grp 000 0 per  ac10000a491.55bQAT aQateel, Mohammad Hussain aNehr-Ul-Fasahath, Contains Bustan-E-Saadi aKanpurbMatba Noolkishorec1874 a70p aincludes index and biblioraphy2 aIll aPersian Grammar1 aQateel, Mohammad Hussain